000
00316nam a22001457a 4500
008
210527b ||||| |||| 00| 0 eng d
020
_a
1593280130
041
_a
eng
080
_a
316
082
_a
316
100
_a
50
101
_a
SOC
245
_a
Answers to Life's Problems
_c
Billy Graham
942
_2
udc
_c
BK
999
_c
57739
_d
57739